000 00556nam a2200229Ia 4500
003 OSt
005 20221005122237.0
006 a|||||r|||| 00| 0
007 ta
008 221004b |||||||| |||| 00| 0 tam d
024 _a51756
037 _cTextual
040 _aCRL
_cCRL
_btam
041 _2tam
_atam
082 _aQ7v, 31L7
100 _aRahman Au.
_9631709
245 0 _aIslamiya vara latrn ka thar gal
260 _c1977
650 _aRELIGION
942 _hQ7v, 31L7
_cTEXL
_2cc
999 _c1043725
_d1043725